Imagen del sonido : correspondencia, 1931-1947 /

El cineasta mexicano Joselito Rodríguez (1907-1985), cuyo verdadero nombre era José de Jesús Rodríguez, desarrolló su filmografía en dos vertientes: el sonido y la realización. Apoyado por su hermano Roberto Rodríguez (1909-1995), con quien radicaba en Los Angeles, y por su familia, desarrolló en 19...

תיאור מלא

שמור ב:
מידע ביבליוגרפי
מחבר ראשי: Rodríguez, Joselito (autor)
מחברים אחרים: Romay, Pepe (autor) (autor), Trujillo Bolio, Iván (presentación) (presentación)
פורמט: ספר
שפה:ספרדית
יצא לאור: México : UNAM, Dirección General de Actividades Cinematográficas, 1990, c1990
נושאים:
תגים: הוספת תג
אין תגיות, היה/י הראשונ/ה לתייג את הרשומה!

MARC

LEADER 00000nam^a2200000^a^4500
001 000174554
005 20250526000000.0
009 20260310101533.163
037 |a Acervo ITESO - Biblioteca 
041 |a ESP 
082 |a 302. 2350972  |b ROD 
100 |a Rodríguez, Joselito  |e (autor) 
240 1 1 |a [Imagen del sonido] 
245 1 0 |a Imagen del sonido :  |b correspondencia, 1931-1947 /  |c J. Rodríguez ; comp., introd. y epílogo de P. Romay ; presen. de I. Trujillo Bolio. 
264 4 |a México :  |b UNAM, Dirección General de Actividades Cinematográficas,  |c 1990, c1990 
300 |a 63 p. ;  |c 28.0 cm. 
336 |a texto  |b txt  |2 rdacontenido 
337 |a sin mediación  |b n  |2 rdamedio 
338 |a volumen  |b nc  |2 rdasoporte 
520 |a El cineasta mexicano Joselito Rodríguez (1907-1985), cuyo verdadero nombre era José de Jesús Rodríguez, desarrolló su filmografía en dos vertientes: el sonido y la realización. Apoyado por su hermano Roberto Rodríguez (1909-1995), con quien radicaba en Los Angeles, y por su familia, desarrolló en 1929 un equipo de sonido que sería empleado para Santa (1931), la primera película con sonido directo en la historia del cine mexicano. Participó a partir de entonces en más de 60 producciones como ingeniero de sonido y realizó en 1940 su primer largometraje, El secreto del sacerdote. Director de una treintena de películas, entre las que se cuenta la muy popular ¡Ay, Jalisco, no te rajes!, primera aparición de Jorge Negrete en su papel de charro, Rodríguez es también el descubridor de la actriz Evita Muñoz, "Chachita". Pepe Romay, hijo del cineasta, ha compilado en este volumen una veintena de cartas y documentos de la correspondencia de Joselito Rodríguez, correspondientes a los años 1931-1947. 
649 |a XX 
650 |a Cineastas Mexicanos 
650 |a Cartas Mexicanas 
650 |a Cine Mexicano -  |x Historia y Crítica 
650 |a Cine Mexicano -  |y 1940-1949 
650 |a Cine Mexicano -  |y Siglo XX 
650 |a Rodríguez, Joselito -  |x Tema Principal 
700 |a Romay, Pepe  |e (autor) 
700 |a Trujillo Bolio, Iván  |e (presentación) 
910 |a Fondo General 
920 |a Impresos - Libros 
930 |a Libros Antiguos y Raros 
905 |a 108 
901 |a 0500112448  |b IT2  |c LRA  |u 20250526 
902 |a https://opac.biblio.iteso.mx/vufind/Record/000174554